=LDR 00000nam 2200000 4500 =001 INLIS000000000005263 =005 20130612093519 =008 ***********************************Ind** =035 ##$$0010-061300000005263 =041 ##$$a Ind =082 ##$$a 2x4.15 =090 ##$$a 2x4.15, Muj n =100 ##$$a MUJIB, Abdul =245 ##$$a Nuansa - nuansa psikologi Islam, Abdul Najib, Yusuf Mudzakir =260 ##$$a 2001 $b Jakarta =300 ##$$a xxxi, 379 hlm, 21 cm =650 ##$$a Psikologi Islam =700 ##$$a MUDZAKIR, Yusuf =850 ##$$a NBPNMAT =990 ##$$a 0001/BPAP-NTB/2015